000 00810nam a2200229Ia 4500
003 GCL
008 140319s9999 xx 000 0 ara d
020 _a9299001977
040 _aGCL /
_cGCL
082 0 4 _aق
_b932
_bص م
100 1 _aصدقى ربيع
245 1 0 _aالمراكب فى مصر القديمة /
_cصدقى ربيع
260 _aالقاهرة :
_bالهيئة المصرية العامة للكتاب ،
_c1992
300 _a143 ص ؛
_c19 سم
650 0 4 _aالاثار الفرعونية
650 0 4 _aالعالم القديم - تاريخ
650 0 4 _aالفراعنة - مصر - تاريخ
650 0 4 _aمصر القديمة - تاريخ
650 0 4 _aمصر القديمة - المراكب
650 0 4 _aمصر القديمة - مراكب الشمس
942 _2ddc
_cBK
999 _c51930
_d51930